|
|
|
|
| LEADER |
00000nab a2200000 a 4500 |
| 001 |
vtls000437399 |
| 003 |
SK-MaSNL |
| 005 |
20260426064107.0 |
| 008 |
230120c1991 xo 0 slo |
| 015 |
|
|
|a SNBRB19rr/mm-uuuuu
|
| 035 |
|
|
|a CL0437527
|
| 035 |
|
|
|a urn:nbn:sk:snk-ab25ku
|
| 035 |
|
|
|a (urnnbn)urn:nbn:sk:snk:ar-a01oxb
|
| 035 |
|
|
|a (uuid)a87ce3b1-c06e-4a19-9476-01dfbfc9fb38
|
| 040 |
|
|
|a SNKBUCL
|b slo
|c SNKBUCL
|e AACR2
|
| 041 |
0 |
|
|a slo
|
| 044 |
|
|
|a xo
|c SK
|
| 080 |
|
|
|a 78.091.4:782/785
|2 1981
|
| 080 |
|
|
|a 782/785
|2 1981
|
| 080 |
|
|
|a 783
|2 1981
|
| 100 |
1 |
|
|a Berger, Igor,
|d 1942-
|4 aut
|9 1637636
|
| 245 |
1 |
0 |
|a Hudba z chrámov
|c Igor Berger
|
| 300 |
|
|
|b Fot. 4.
|
| 611 |
2 |
7 |
|a Bratislavské hudobné slávnosti
|n (27. :
|d 1991 :
|c Bratislava, Slovensko)
|2 snkbucl
|9 96779
|
| 650 |
0 |
7 |
|a cirkevná hudba
|2 snkbucl
|9 1748
|
| 651 |
|
7 |
|a Bratislava (Slovensko)
|2 snkbucl
|9 14568
|
| 655 |
|
7 |
|a články z novín a časopisov
|2 snkbucl
|9 267496
|
| 773 |
0 |
|
|t Hudobný život 91
|g Roč. 23, č. 21 (1991), s. 4-5
|
| 850 |
|
|
|a Slovenská národná knižnica v Martine
|a MTA001
|
| 852 |
|
|
|a SNK
|b KIS3GCP
|
| 954 |
|
|
|a odborná, vedecká literatúra pôvodná (slovenská)
|2 lita
|
| 958 |
|
|
|a OND
|
| 958 |
|
|
|a EUIPO
|
| 958 |
|
|
|a article27
|
| 992 |
|
|
|a RBX
|
| 999 |
|
|
|c 2575678
|d 2577608
|